00253nam a2200109Ia 4500008004100000041000800041082001800049100001200067245003000079260002700109365000700136230303s9999 xx 000 0 und d aeng a621.31'92 JOH aJOHNY.R aElectric circuit analysis aNew DelhibWiley India cRS